La gran promesa o sea el paraíso asegurado por el Sagrado Corazón de Jesús a sus devotos: interpretación y explicación de la gran promesa, nueve consideraciones para nueve primeros viernes y pequeño devocionario del Sagrado Corazón de Jesús
Shranjeno v:
| Glavni avtor: | |
|---|---|
| Format: | Knjiga |
| Jezik: | španščina |
| Izdano: |
Buenos Aires
Mundo Católico
1942
|
| Izdaja: | 2a. ed |
| Serija: | Pequeña Obra de la Divina Providencia
|
| Teme: | |
| Oznake: |
Označite
Brez oznak, prvi označite!
|
MARC
| LEADER | 00000cam a2200000 a 4500 | ||
|---|---|---|---|
| 001 | UCD0428 | ||
| 003 | CL-VaPUC | ||
| 008 | 151127e19420000ag |||||||||||||||||spa|d | ||
| 082 | 0 | 4 | |a 234 |b ORI |2 21 |
| 100 | |a Orione, Luigi |e autor |9 583405 | ||
| 245 | 1 | 3 | |a La gran promesa o sea el paraíso asegurado por el Sagrado Corazón de Jesús a sus devotos: interpretación y explicación de la gran promesa, nueve consideraciones para nueve primeros viernes y pequeño devocionario del Sagrado Corazón de Jesús |
| 250 | |a 2a. ed | ||
| 300 | |a 259 p | ||
| 942 | |c BK | ||
| 945 | |d 20151127 13:45:00 |a gsalatino | ||
| 260 | |a Buenos Aires |b Mundo Católico |c 1942 | ||
| 650 | 0 | |a Salvación |9 315007 | |
| 650 | 7 | |a SAGRADO CORAZON DE JESUS |2 CL-VaPUC |9 529784 | |
| 650 | 7 | |a DEVOCIONARIO |2 CL-VaPUC |9 488515 | |
| 650 | 7 | |a GRACIA |2 CL-VaPUC |9 315234 | |
| 583 | |a last modification |c 20151204 12:58:22 |k Rodrigo Vera | ||
| 490 | 0 | |a Pequeña Obra de la Divina Providencia | |
| 999 | |c 361967 |d 361965 | ||
| 952 | |0 0 |1 0 |3 erd |4 0 |6 234_000000000000000_ORI_1942 |7 0 |8 P |9 472743 |a BIBTEO |b BIBTES |c TEO_FTES |i 5271940 |o 234 ORI 1942 |p 5271940 |r 2024-01-18 |w 2019-11-24 |y BK |z Catalogado en:20151127 |k ICR | ||